Geometría

Gardado en:
Detalles Bibliográficos
Autor Principal: Xambó Descamps, Sebastià (Author)
Formato: Libro
Idioma:Lingua castelá
Publicado: Barcelona UPC 1997
Edición:1a. ed
Series:Politext. Area de Matemàtica i Estadística, 66
Subjects:
Tags: Engadir etiqueta
Sen Etiquetas, Sexa o primeiro en etiquetar este rexistro!

MARC

LEADER 00000nam a2200000 a 4500
001 UCK6407
003 CL-VaPUC
008 050930e19970000SP |||||||||||||||||spa|d
020 |a 848301226X 
082 0 4 |a 516  |b XAM  |2 21 
100 0 |a Xambó Descamps, Sebastià  |e author  |9 495616 
245 1 0 |a Geometría 
250 |a 1a. ed 
300 |a 311 p 
942 |c BK 
945 |d 20050930 00:00:00  |a cmena 
260 |a Barcelona  |b UPC  |c 1997 
650 7 |a CONICAS  |2 CL-VaPUC  |9 426812 
650 7 |a GEOMETRIA AFIN  |2 CL-VaPUC  |9 271228 
650 0 |a Geometría euclidiana  |9 270055 
650 0 |a Geometría proyectiva   |9 262638 
583 |a last modification  |c 20050930 00:00:00  |k Rodrigo Vera 
490 0 |a Politext. Area de Matemàtica i Estadística, 66 
999 |c 314694  |d 314692 
952 |0 0  |1 0  |4 0  |6 516_000000000000000_XAM_1997  |7 0  |8 A  |9 387351  |a BIBMAT  |b BIBMAT  |d 2019-11-22  |i 4171187  |o 516 XAM 1997  |p 4171187  |r 2025-01-07  |w 2019-11-22  |y BK  |k MAT 
952 |0 0  |1 0  |4 0  |6 516_000000000000000_XAM_1997  |7 0  |8 A  |9 387352  |a BIBMAT  |b BIBMAT  |d 2019-11-22  |i 4171195  |l 1  |o 516 XAM 1997  |p 4171195  |r 2025-01-07  |s 2023-11-10  |w 2019-11-22  |y BK  |k MAT 
952 |0 0  |1 0  |4 0  |6 516_000000000000000_XAM_1997  |7 0  |8 A  |9 387353  |a BIBMAT  |b BIBMAT  |d 2019-11-22  |i 4171209  |o 516 XAM 1997  |p 4171209  |r 2025-01-07  |w 2019-11-22  |y BK  |k MAT 
952 |0 0  |1 0  |4 0  |6 516_000000000000000_XAM_1997  |7 0  |8 A  |9 387354  |a BIBMAT  |b BIBMAT  |d 2019-11-22  |i 4171217  |o 516 XAM 1997  |p 4171217  |r 2025-01-07  |w 2019-11-22  |y BK  |k MAT 
952 |0 0  |1 0  |4 0  |6 516_000000000000000_XAM_1997  |7 0  |8 A  |9 387355  |a BIBMAT  |b BIBMAT  |d 2019-11-22  |i 4171225  |l 1  |m 2  |o 516 XAM 1997  |p 4171225  |r 2025-01-07  |s 2024-03-13  |w 2019-11-22  |y BK  |k MAT 
952 |0 0  |1 0  |4 0  |6 516_000000000000000_XAM_1997  |7 0  |8 A  |9 387356  |a BIBMAT  |b BIBMAT  |d 2019-11-22  |i 4171233  |l 1  |o 516 XAM 1997  |p 4171233  |r 2025-01-07  |s 2022-03-10  |w 2019-11-22  |y BK  |k MAT 
952 |0 0  |1 0  |4 0  |6 516_000000000000000_XAM_1997  |7 0  |8 A  |9 387357  |a BIBMAT  |b BIBMAT  |d 2019-11-22  |i 4171241  |o 516 XAM 1997  |p 4171241  |r 2025-01-07  |w 2019-11-22  |y BK  |k MAT 
952 |0 0  |1 0  |4 0  |6 516_000000000000000_XAM_1997  |7 0  |8 A  |9 387358  |a BIBCUR  |b BIBCUR  |d 2019-11-22  |i 417125K  |o 516 XAM 1997  |p 417125K  |r 2025-04-22  |w 2019-11-22  |y BK  |k BCB 
952 |0 0  |1 0  |4 0  |6 516_000000000000000_XAM_1997  |7 0  |8 A  |9 387359  |a BIBING  |b BIBING  |d 2019-11-22  |i 4171268  |o 516 XAM 1997  |p 4171268  |r 2025-01-20  |w 2019-11-22  |y BK  |k ING